|
|
|
|
| LEADER |
01007naa a2200229 i 4500 |
| 001 |
acta82623 |
| 005 |
20250107120039.0 |
| 008 |
231212s2023 hu o 100 hun d |
| 040 |
|
|
|a SZTE Egyetemi Kiadványok Repozitórium
|b hun
|
| 041 |
|
|
|a hun
|
| 100 |
1 |
|
|a Kopunovic Dávid
|
| 245 |
1 |
2 |
|a A politikai impotencia fogalmi rekonstrukciója
|h [elektronikus dokumentum] :
|b [absztrakt] /
|c Kopunovic Dávid
|
| 260 |
|
|
|c 2023
|
| 300 |
|
|
|a 74
|
| 490 |
0 |
|
|a Móra Kárpát-medencei Interdiszciplináris Szakkollégiumi Konferencia
|v 7
|
| 650 |
|
4 |
|a Társadalomtudományok
|
| 650 |
|
4 |
|a Szociológia
|
| 650 |
|
4 |
|a Politikatudomány
|
| 695 |
|
|
|a Szocializáció - politikai - előadáskivonat, Politikai szociológia - előadáskivonat, Politikai filozófia - előadáskivonat
|
| 700 |
0 |
1 |
|a Bourdieu Pierre
|
| 711 |
|
|
|a VII. Móra Kárpát-medencei Interdiszciplináris Szakkollégiumi Konferencia
|c Szeged
|d 2023. november 17-19.
|
| 856 |
4 |
0 |
|u http://acta.bibl.u-szeged.hu/82623/1/morakonf_2023_074.pdf
|z Dokumentum-elérés
|